| 000 | 01395nam a22002297a 4500 | ||
|---|---|---|---|
| 003 | OSt | ||
| 005 | 20241028150601.0 | ||
| 008 | 241028b ||||| |||| 00| 0 spa d | ||
| 020 | _a9789585889170 | ||
| 040 | _cCO-Mq BPB | ||
| 041 | _aspa | ||
| 082 |
_aJN _bCHEn |
||
| 100 |
_aCheng, Jack _eautor |
||
| 245 | _aNos vemos en el cosmos | ||
| 264 |
_aBogotá, Colombia: _bPenguin Random House, _c2017 |
||
| 300 |
_a319 páginas: _bTapa rustica _c21 cm |
||
| 521 | _aAlex es un enamorado del cosmos y de las naves espaciales. Con solo once años, su sueño es emular a Carl Sagan y mandar su iPod al espacio, como su héroe mandó los discos de oro Sonidos de la Tierra a bordo de las naves Voyager en 1977.De Colorado a Nuevo México y de Las Vegas a L.A., Alex hará grabaciones de la Tierra, su tierra. En su viaje, sin rumbo fijo, se encontrará con gente perdida, divertida y excepcional que de alguna manera lo preparará para enfrentarse a la verdad sobre la muerte de su padre. Alex aprenderá que, a pesar de tener una madre problemática y un hermano casi siempre ausente, su familia está ahí para él, más de lo que pensaba. El objetivo de Alex era alcanzar el cosmos, pero su destino final será él mismo. | ||
| 650 | _aLiteratura juvenil | ||
| 650 | _aHistoria de felicidad, optimismo, determinación y corazón | ||
| 650 | _aCosmos y naves espaciales | ||
| 942 |
_2ddc _cBKLIT |
||
| 999 |
_c15741 _d15741 |
||